00450nam a2200145Ia 4500003000900000008004100009020002600050020002700076040001600103100001900119245005000138260003200188300002000220856006400240IN-BaIIA211028s9999 xx s 000 0 eng d a9780819406484 (Print) a9780819478528 (Online) cIIA Library aRabbani, Majid 0aDigital Image Compression Techniquesh[eBook] aWashington, USAbSPIEc1991 aOnline resource uhttps://doi.org/10.1117/3.34917yClick Here to Access eBook